01127nam a2200217Ia 4500003000400000005001700004008004100021020001400062040000700076041001200083082001800095100002100113245008000134250000600214260004300220300001600263365001700279520058500296650001300881650001500894OSt20250722113025.0210423s2005 xx 000 0 und d a812291875 cAL aEnglish a070.44 bWULB aTim Wulfemeyer K aBeginning radio T V newswritingb: a self-instructional learning experience a4 aNew DelhibSurjeeth Publicationsc2005 axvi,135bPB cINRb1446.00 aThe fifth edition of this bestselling text instructs students on the basic styles, principles, and techniques of radio and TV newswriting. It makes an ideal supplement to basic newswriting texts or radio and TV industry texts. Offers clear instruction, examples and exercises to guide beginning students in correct radio and TV news style Fully updated and with even more examples, exercises and tests the author has extensive radio and TV news experience, both on-the-air and behind the scenes as a producer, news writer, videographer, newscaster, sportscaster, host and reporter aFeatures aJournalism